000 00930cam a2200217 4500
001 ABS62654
008 000000n2000 000 0 eng u
035 _a(Sirsi) u107427
100 _aBlackie, N.
245 _aNew planning appeal procedures
260 _c2000
490 _aPlanning (for the Natural and Built Environment)
_v(1377) 14 July 2000, 7(1)
520 _aNew rules coming into force, which will apply to applications made after 1 August 2000, will include strict timetables with tighter deadlines for written, hearing and inquiry procedures, aimed at streamlining the appeals process. This article and previous Outlines can be viewed at: http://www.planning.haynet.com
590 _aABS
650 _aPLANNING APPEAL PROCEDURES
650 _aHEARINGS
650 _aINQUIRIES
650 _aPRE-APPLICATION PROCEDURES
690 _aENVIRONMENTAL AND LAND CONSULTANCY-PLANNING AND DEVELOPMENT
942 _n0
999 _c64216
_d64216